书目信息 |
| 题名: |
临床重症护理诊疗实践
|
|
| 作者: | 王美芝, , 王刚 , 任蕾娜 主编 | |
| 分册: | ||
| 出版信息: | 北京 科学技术文献出版社 2019.05 |
|
| 页数: | 246页 | |
| 开本: | 26cm | |
| 丛书名: | ||
| 单 册: | ||
| 中图分类: | R459.7 , R472.2 | |
| 科图分类: | ||
| 主题词: | 险症--xian zheng--诊疗 , 险症--xian zheng--护理 | |
| 电子资源: | ||
| ISBN: | 978-7-5189-5584-8 | |
| 000 | 01015nam0 2200289 450 | |
| 001 | CAL 0120203033419 | |
| 005 | 20230217093111.0 | |
| 010 | @a978-7-5189-5584-8@dCNY68.00 | |
| 100 | @a20200713d2019 em y0chiy0120 ea | |
| 101 | 0 | @achi |
| 102 | @aCN@b110000 | |
| 105 | @aa a 000yy | |
| 106 | @ar | |
| 200 | 1 | @a临床重症护理诊疗实践@Alin chuang zhong zheng hu li zhen liao shi jian@f主编王美芝, 王刚, 任蕾娜 |
| 210 | @a北京@c科学技术文献出版社@d2019.05 | |
| 215 | @a246页@c图@d26cm | |
| 320 | @a有书目 (第246页) | |
| 330 | @a本书共六章, 介绍了内外科急重症护理 ; 儿科急、危、重症诊治及护理 ; 妇产科急、危、重症及护理 ; 五官科急、危、重症诊治及护理 ; 皮肤科急症的诊治及护理等内容。 | |
| 606 | 0 | @a险症@Axian zheng@x诊疗 |
| 606 | 0 | @a险症@Axian zheng@x护理 |
| 690 | @aR459.7@v5 | |
| 690 | @aR472.2@v5 | |
| 701 | 0 | @a王美芝,@Awang mei zhi@f1966-@4主编 |
| 701 | 0 | @a王刚@Awang gang@4主编 |
| 701 | 0 | @a任蕾娜@Aren lei na@4主编 |
| 801 | 0 | @aCN@bBJXHZP@c20230228 |
| 905 | @b1395418-21@dR459.7@e158@f4 | |
| 临床重症护理诊疗实践/主编王美芝, 王刚, 任蕾娜.-北京:科学技术文献出版社,2019.05 |
| 246页:图;26cm |
| ISBN 978-7-5189-5584-8:CNY68.00 |
| 本书共六章, 介绍了内外科急重症护理 ; 儿科急、危、重症诊治及护理 ; 妇产科急、危、重症及护理 ; 五官科急、危、重症诊治及护理 ; 皮肤科急症的诊治及护理等内容。 |
| ● |
| 相关链接 |
|
|
|
|
正题名:临床重症护理诊疗实践
索取号:R459.7/158
 
预约/预借
| 序号 | 登录号 | 条形码 | 馆藏地/架位号 | 状态 | 备注 |
| 1 | 1395418 | 213954185 | 第二样本阅览室/ [索取号:R459.7/158] | 在馆 | |
| 2 | 1395419 | 213954194 | 第三借阅区/ [索取号:R459.7/158] | 在馆 | |
| 3 | 1395420 | 213954201 | 第三借阅区/ [索取号:R459.7/158] | 在馆 | |
| 4 | 1395421 | 213954210 | 第三借阅区/ [索取号:R459.7/158] | 在馆 |